La Révolution des Somnambules
| Titel: | La Révolution des Somnambules / Andrzej Leder |
|---|---|
| Verfasser: | |
| In: |
Revue d'études comparatives est-ouest, Band 47, Heft 4 (2016), Seite 29-55 alle Artikel anzeigen Révolutions conservatrices en Europe centrale et orientale, Band 47, Heft 4 (2016), Seite 29-55 alle Artikel anzeigen |
| Veröffentlicht: | 2016 |
| Format: | Aufsatz |
| Sprache: | Französisch |
X
alg: 47110019 001A $03025:30-10-20 001B $06050:07-01-26 $t16:35:28.000 001D $03025:30-10-20 001U $0utf8 001X $00 002@ $0Oou 002C $aText $btxt $2rdacontent 002D $aComputermedien $bc $2rdamedia 002E $aOnline-Ressource $bcr $2rdacarrier 003@ $0471100196 004P $010.4074/S0338059916004022 007A $0471100196 $aHEB 010@ $afre 010E $erda 011@ $a2016 021A $aLa @Révolution des Somnambules $hAndrzej Leder 028A $BVerfasser $4aut $7104303207X $8Leder, Andrzej$Z1960- [Tp1] $9332584062 031A $d47 $e4 $h29-55 $j2016 039B $aEnthalten in $8--Obvc--. Revue d'études comparatives est-ouest. - Paris : Presses Universitaires de France, 1975-. - Online-Ressource. - ISSN 2259-6100 $x201600000470004971 $9188528547 039B $aEnthalten in $8--Aax--. Révolutions conservatrices en Europe centrale et orientale. - Paris : NecPlus, 2016. - 205 Seiten. - Diagramme. - ISBN 978-2-35876-164-2 $9531546845 044K $RPolen-Litauen $RKongresspolen $RWestgalizien $RStaat Krakau $#Generalgouvernement Polen $#Polska $#Rzeczpospolita Polska $#Polska Rzeczpospolita Ludowa $#Poland $#Pologne $#République Polonaise $#Generalne Gubernatorstwo w Polsce $#Polish People's Republic $#Polska Rzeczpospolita Polen $#PRL $#RP $#Polen Generalgouvernement $#Polska Generalgouvernement $#Besetzte Polnische Gebiete $#Besetztes Gebiet in Polen $#Okupowane Polskie Obszary $#Obszary Okupowane w Polsce $#Volksrepublik Polen $#Polska Rosyjska $#Republic Polen $#Respublika Pol'ša $#Pol'skaja Narodnaja Respublika $#République de Pologne $#Polen Links der Weichsel $#Polska po Lewej Stronie Wisły $#Lenkija $#Polija $#Gubernija Carstva Pol'skago $#Republik Polen $74046496-9 $8Polen [Tg1] $9085129801 044K $RRelation $#Beziehungen $#Wechselbeziehung $#Beziehungen $74145198-3 $8Beziehung [Ts1] $9085577189 044K $RJudentum $RIsraeliten $RStämme Israels $#Jude $74028808-0 $8Juden [Ts1] $9085075922 044K $RJudenverfolgung $RNationalsozialistisches Verbrechen $RVernichtungslager $#Holocaust, Jewish (1939-1945) $#Shoah $#Holocausto judío (1939-1945) $#Endlösung $#Holocaust $#Holokaust $#Judenfrage Endlösung $#Schoah $#Shoah $#Shoʾah $#Shoa $#Drittes Reich Judenvernichtung $#Šô'ā $#Juden Vernichtung $74073091-8 $8Judenvernichtung [Ts1] $9085205818 044K $RKommunismus $REntstalinisierung $#Stalinisme $#Stalinismus $#Stalinismus $74056883-0 $8Stalinismus [Ts1] $9085158437 044K $#Post-communism $#Postcommunisme $#Postcomunismo $#Postcomunismo $#postkommunistische Gesellschaft $#Nach-Kalter-Krieg-Ära $#Postsozialismus $74998161-4 $8Postkommunismus [Ts1] $9134568192 044K $RPolitisches System $#Political culture $#Culture politique $#Cultura politica $#Cultura política $#Politische Kultur $#politische Kultur $#Politische Kultur $74046540-8 $8Politische Kultur [Ts1] $9085129917 045F $a907.1094380904 $eDDC23BSB 045F/01 $a907.1 045F/03 $f0904 045F/03 $g438 045G $a909.04924094380904 $eDDC23BSB 045G/01 $a909.04924 045G/03 $f0904 045G/03 $g438 045R $aGeschichte 1939-2007 045R/01 $aGeschichte 1939-1956 045T $aINTRECHT $qDE-1a $2FID 046L $aFranzösische Zusammenfassung, Seite 29 lok: 47110019 78 exp: 47110019 78 1 #EPN 201B/01 $030-10-20 $t13:27:17.000 201C/01 $030-10-20 201U/01 $0utf8 203@/01 $0112696073X 204P/01 $010.4074/S0338059916004022 208@/01 $a30-10-20 $be 209A/01 $a/ $f000 $x00 209A/01 $ab*p $x01 209S/01 $uhttps://www.cairn.info/revue-revue-d-etudes-comparatives-est-ouest1-2016-4-page-29.htm $XH 220C/01 $apgar 244Z/01 $#Generalgouvernement Polen $#Polska $#Rzeczpospolita Polska $#Polska Rzeczpospolita Ludowa $#Poland $#Pologne $#République Polonaise $#Generalne Gubernatorstwo w Polsce $#Polish People's Republic $#Polska Rzeczpospolita Polen $#PRL $#RP $#Polen Generalgouvernement $#Polska Generalgouvernement $#Besetzte Polnische Gebiete $#Besetztes Gebiet in Polen $#Okupowane Polskie Obszary $#Obszary Okupowane w Polsce $#Volksrepublik Polen $#Polska Rosyjska $#Republic Polen $#Respublika Pol'ša $#Pol'skaja Narodnaja Respublika $#République de Pologne $#Polen Links der Weichsel $#Polska po Lewej Stronie Wisły $#Lenkija $#Polija $#Gubernija Carstva Pol'skago $#Republik Polen $74046496-9 $8--Tg1--Polen $x01 $9085129801 247C/01 $82080>Marburg/Lahn, Herder-Institut, Forschungsbibliothek, Bibliographieportal $9336309341
| LEADER | 00000caa a2200000 c 4500 | ||
|---|---|---|---|
| 001 | 471100196 | ||
| 003 | DE-603 | ||
| 005 | 20260107163528.0 | ||
| 007 | cr|||||||||||| | ||
| 008 | 201030s2016 xx |||| o| u00||u|fre c | ||
| 024 | 7 | |a 10.4074/S0338059916004022 |2 doi | |
| 035 | |a (DE-599)HEB471100196 | ||
| 040 | |a DE-603 |b ger |c DE-603 |d DE-603 |e rda | ||
| 041 | |a fre | ||
| 082 | 0 | 4 | |8 1\u |a 907.1094380904 |q DE-101 |2 23/BSB |
| 083 | 0 | |8 2\u |a 909.04924094380904 |q DE-101 |2 23/BSB | |
| 084 | |a INTRECHT |q DE-1a |2 fid | ||
| 085 | |8 1\u |b 907.1 | ||
| 085 | |8 1\u |z 1 |s 0904 | ||
| 085 | |8 1\u |z 2 |s 438 | ||
| 085 | |8 2\u |b 909.04924 | ||
| 085 | |8 2\u |z 1 |s 0904 | ||
| 085 | |8 2\u |z 2 |s 438 | ||
| 100 | 1 | |a Leder, Andrzej |d 1960- |e Verfasser |4 aut |0 (DE-603)332584062 |0 (DE-588)104303207X |2 gnd | |
| 245 | 0 | 0 | |a La Révolution des Somnambules |c Andrzej Leder |
| 264 | 0 | |c 2016 | |
| 336 | |a Text |b txt |2 rdacontent | ||
| 337 | |a Computermedien |b c |2 rdamedia | ||
| 338 | |a Online-Ressource |b cr |2 rdacarrier | ||
| 546 | |a Französische Zusammenfassung, Seite 29 | ||
| 648 | 7 | |a Geschichte 1939-2007 |2 gnd | |
| 648 | 7 | |a Geschichte 1939-1956 |2 gnd | |
| 650 | 7 | |a Beziehung |0 (DE-588)4145198-3 |0 (DE-603)085577189 |2 gnd | |
| 650 | 7 | |a Juden |0 (DE-588)4028808-0 |0 (DE-603)085075922 |2 gnd | |
| 650 | 7 | |a Judenvernichtung |0 (DE-588)4073091-8 |0 (DE-603)085205818 |2 gnd | |
| 650 | 7 | |a Stalinismus |0 (DE-588)4056883-0 |0 (DE-603)085158437 |2 gnd | |
| 650 | 7 | |a Postkommunismus |0 (DE-588)4998161-4 |0 (DE-603)134568192 |2 gnd | |
| 650 | 7 | |a Politische Kultur |0 (DE-588)4046540-8 |0 (DE-603)085129917 |2 gnd | |
| 651 | 7 | |a Polen |0 (DE-588)4046496-9 |0 (DE-603)085129801 |2 gnd | |
| 773 | 0 | 8 | |i Enthalten in |t Revue d'études comparatives est-ouest |d Paris : Presses Universitaires de France, 1975- |h Online-Ressource |x 2259-6100 |g Band 47, Heft 4 (2016), Seite 29-55 |w (DE-603)188528547 |w (DE-600)2375315-8 |
| 773 | 0 | 8 | |i Enthalten in |t Révolutions conservatrices en Europe centrale et orientale |d Paris : NecPlus, 2016 |h 205 Seiten, Diagramme |z 9782358761642 |g Band 47, Heft 4 (2016), Seite 29-55 |w (DE-603)531546845 |
| 924 | 1 | |9 2080 |a (DE-603)112696073X |b DE-2080 |c HES |d d |g / |k https://www.cairn.info/revue-revue-d-etudes-comparatives-est-ouest1-2016-4-page-29.htm | |


